Statistiques concernant Films de Francis Ford Coppola par image

Cliquez ici pour prendre le quiz!

Statistiques générales

  • Ce quiz a été pris 103 fois
    (40 depuis la dernière actualisation)
  • Le résultat moyen est 4 sur 16

Statistiques - réponses

Réponse% Correct
Le Parrain
100%
Apocalypse Now
63%
Dracula
34%
Conversation secrète
21%
Outsiders
21%
Rusty James
18%
Jack
16%
Jardins de pierre
16%
Peggy Sue s'est mariée
16%
Tucker
16%
Cotton Club
13%
Twixt
13%
Dementia 13
11%
Tetro
11%
L'Homme sans âge
8%
L'Idéaliste
5%

Distribution des résultats

Percentile par nombre de réponses

% des personnes avec chaque résultat

Votre développement - résultats

Vous n’avez pas pris ce quiz depuis la dernière actualisation